000 00540 a2200181 4500
999 _c2306
_d2306
020 _a9780773529076
050 _aHD1333 GOE 2005
100 _aGoebel,Allison
_eauthor
245 _aGender and land reform;
_bThe Zimbabwe experience/
_cAllison Goebel
264 _aLondon:
_bMcGill-Queen 's University Press,
_c2005
300 _a178p.
500 _aIncludes bibliographical references and index
650 _aLand reform--
650 _aWomen rights
650 _aLand settlement
651 _aZimbabwe
942 _2lcc
_cBK
_h1333
_iGOE
_kHD